| 000 | 00586nam a2200193Ia 4500 | ||
|---|---|---|---|
| 003 | GCL | ||
| 008 | 140319s9999 xx 000 0 eng d | ||
| 040 |
_aGCL / _cGCL |
||
| 082 | 0 | 4 |
_a791.43 _bV A |
| 100 | 1 | _aSHAFIK, VIOLA | |
| 245 | 1 | 0 |
_aARAB CINEMA HISTORY CULTURAL IDENTITY / _cSHAFIK, VIOLA |
| 260 |
_aالقاهرة : _bTHE AMERICAN UNIVERSITY IN CAIRO PRESS ، _c1998 |
||
| 300 |
_a255 P ؛ _c20 C M |
||
| 650 | 0 | 4 | _aHISTORY AND CRITICISM |
| 650 | 0 | 4 | _aMOTION PICTURES - ACTING |
| 650 | 0 | 4 | _aMOTION PICUTRES FILM |
| 650 | 0 | 4 | _aMOTION PICTURES - ARAB WORLD |
| 942 |
_2ddc _cBK |
||
| 999 |
_c16485 _d16485 |
||